000 00246nam a2200097Ia 4500
008 230331s9999 xx 000 0 und d
020 _a2-8317-0499-5
100 _aSTOKKING, H
_9178554
245 0 _aEVALUATING ENVIRONMENTAL EDUCATION
942 _cBK
_w561
_xJohn Tresidder
_y561
_zJohn Tresidder
999 _c749012
_d749011